Immunology (Record no. 19088)

MARC details
000 -LEADER
fixed length control field 00465nam a22001817a 4500
008 - FIXED-LENGTH DATA ELEMENTS--GENERAL INFORMATION
fixed length control field 211103b |||||||| |||| 00| 0 eng d
020 ## - INTERNATIONAL STANDARD BOOK NUMBER
International Standard Book Number 1118451649
050 ## - LIBRARY OF CONGRESS CALL NUMBER
Classification number QR181
Item number .T63 2015 c.1
100 ## - MAIN ENTRY--PERSONAL NAME
Personal name Todd, Ian
245 ## - TITLE STATEMENT
Title Immunology
Remainder of title Lecture notes
Statement of responsibility, etc. Ian Todd
250 ## - EDITION STATEMENT
Edition statement 7th ed.
260 ## - PUBLICATION, DISTRIBUTION, ETC. (IMPRINT)
Place of publication, distribution, etc. Hoboken
Name of publisher, distributor, etc. Wiley Blackwell
Date of publication, distribution, etc. 2015
300 ## - PHYSICAL DESCRIPTION
Extent xi, 230p.
650 ## - SUBJECT ADDED ENTRY--TOPICAL TERM
Topical term or geographic name as entry element Immunology
700 ## - ADDED ENTRY--PERSONAL NAME
Personal name Spickett, Gavin
700 ## - ADDED ENTRY--PERSONAL NAME
Personal name Fairclough, Lucy
942 ## - ADDED ENTRY ELEMENTS (KOHA)
Source of classification or shelving scheme Library of Congress Classification
Koha item type General Collection
Holdings
Withdrawn status Lost status Source of classification or shelving scheme Not for loan Home library Current library Date acquired Cost, normal purchase price Total Checkouts Total Renewals Full call number Barcode Date last seen Date last checked out Price effective from Koha item type Checked out
    Library of Congress Classification   Kabarak, Main Campus Kabarak, Main Campus 03/11/2021 3876.00 10 3 QR181 .T63 2015 c.1 031186 31/03/2026 21/02/2026 03/11/2021 General Collection  
    Library of Congress Classification   Kabarak, Main Campus Kabarak, Main Campus 03/11/2021 3876.00 26 7 QR181 .T63 2015 c.2 031187 09/04/2026 09/04/2026 03/11/2021 General Collection 25/04/2026
Designed with assistance from East African Informatics Ltd